000 00268nam a2200109Ia 4500
001 1260300
005 20260417140329.0
008 260417s9999 xx 000 0 und d
020 _a9786255929860
245 0 _aKalem Kalesi
_cNuri Pakdil
260 _bKetebe Yayınları
999 _c1260300
_d1260300